Responses for Show #5905 - Friday, April 23, 2010

Contestants

[<< previous game]

Carl Saras, a quality engineer from Hopedale, Massachusetts

Kathy Kenny, a high school math teacher from Park Ridge, New Jersey

Phil Bucska, a high school history teacher originally from Woodhaven, Michigan (whose 2-day cash winnings total $32,401)

[next game >>]

Jeopardy! Round responses

SINNERS
THE GRAMMYS 2010
"TION" ME
E GODS!
OH GIVE ME A HOME
AROUND THE KNESSET
(Jimmy: The Israeli parliament where many great leaders have debated.)
    $200 11
(Kathy: Who is Jim Bakker?)
...
(Alex: Correct response--the other Jim--[*].)

Jimmy Swaggart

Kathy
Triple Stumper
    $200 26
Lady Gaga

Phil
    $200 16
revolution

Phil
    $200 1
spring

Phil
    $200 6
termites

Phil
    $200 21
(Anwar) Sadat

Kathy
    $400 12
Sodom

Carl
    $400 27
Bon Jovi

Phil
    $400 17
indigestion

Phil
    $400 2
cleaned

Phil
    $400 7
earthquakes

Carl
    $400 22
a Green Revolution

Kathy
    $1,000 13
(Carl: What are mortal sins?)

the seven deadly sins

Carl
    $600 28
The Black Eyed Peas

Phil
    $600 18
prediction

Carl
    $600 3
Hinduism

Phil
    $600 8
a lightning rod

Phil
    $600 23
Yitzhak Rabin

Carl
    $800 14
(John) Edwards

Carl
    $800 29
(Carl: Who is Beyoncé?)
[The end-of-round signal sounds.]

Stevie Nicks

PhilCarl
    $800 19
(Kathy: What is an audition?)

a hesitation

Kathy
Triple Stumper
    $800 4
Mayan

Kathy
    $800 9
Hawaii

Carl
    $800 24
(Alex: Yes, with about a minute to go.)

Chagall

Kathy
    $1000 15
an angry god

Kathy
    $1000 20
a reservation

Phil
    $1000 5
the Egyptians

Phil
    $1000 10
veranda

Carl
    $1000 25
(Kathy: Who is Nehru?)

David Ben-Gurion

Kathy
Triple Stumper

Scores at the first commercial break (after clue 15):

Phil Kathy Carl
$3,000 $1,600 $2,400

Scores at the end of the Jeopardy! Round:

Phil Kathy Carl
$6,600 $1,200 $2,800

Double Jeopardy! Round responses

19th CENTURY PEOPLE
DISNEY DOGS
GEOGRAPHY "B"
RANKS & TITLES
FACTS ABOUT AUTHORS
DAFFY-NITIONS
(Alex: Each clue will have two parts. I'll give you an example. If I said "melon" and "the inability to run away to get married", the correct response would be, "What is cantaloupe?") (Kathy: [Overlapping] Cantaloupe.) (Alex: Yes, good for you, Kathy. You're on the right track already.)
    $400 11
Joseph Smith

Phil
    $400 6
Pluto

Kathy
    $400 16
Bavaria

Phil
    $400 21
(Phil: What is lady?)

dame

PhilKathy
    $400 1
(Nathaniel) Hawthorne

Kathy
    $400 25
a choir/acquire

Kathy
    $800 12
(Reverend) Graham

Kathy
    $800 7
101 Dalmatians

Phil
    $800 17
Bosnia

Carl
    $800 22
the Salvation Army

Carl
    $800 2
Nabokov

Kathy
    $800 26
(Alex: I didn't say you were gonna like them all!)

con tents/contents

Triple Stumper
    $1200 13
Elizabeth Cady Stanton

Kathy
    $1200 8
Pocahontas

Triple Stumper
    $1200 18
(Alex: What is [*]? You should have rung in there, Carl. It came to you in time, really.)
(Carl: It took a long time.)

Branson

Triple Stumper
    $1200 23
Tenderfoot

Phil
    $1200 3
(Jean-Paul) Sartre

Phil
    $1200 27
kindred/kin dread

Triple Stumper
    $1600 14
Garibaldi

Phil
    $1600 9
Nana

Carl
    $1,500 19
Brittany (La Bretagne)

Carl
    $1600 24
(Alex: With a minute to go now, Phil.)

a sexton

Triple Stumper
    $1600 4
(Alexandre) Dumas

Carl
    $1600 28
pro teen/protein

Phil
    $2000 15
Pierre de Coubertin

Triple Stumper
    $2000 10
Old Yeller

Kathy
    $2000 20
(Alex: [*] for Belize, yes.)

Belmopan

Kathy
    $2000 5
Henrik Ibsen

Triple Stumper
    $2,000 29
(Phil: [No response])
[The end-of-round signal sounds.]

cattle list/catalyst

Phil

Scores at the end of the Double Jeopardy! Round:

Phil Kathy Carl
$11,400 $9,600 $9,100

[wagering suggestions for these scores]

Final Jeopardy! Round responses

WORDS FROM THE FRENCH
CarlWhat is Aristocrat?
$501
KathyWhat is millionaire?
$8,601
PhilWhat is mortuary?
$7,801
millionaire

Final scores:

Phil Kathy Carl
$3,599 $18,201 $8,599
3rd place: $1,000 New champion: $18,201 2nd place: $2,000

Game dynamics:

Coryat scores:

Phil Kathy Carl
$13,400 $9,600 $10,200
20 R,
2 W
(including 1 DD)
14 R,
3 W
12 R
(including 1 DD),
2 W
(including 1 DD)

Combined Coryat: $33,200

[game clues] [game scores] [suggest correction]

Game tape date: 2010-02-02
The J! Archive is created by fans, for fans. Scraping, republication, monetization, and malicious use prohibited; this site may use cookies and collect identifying information. See terms. The Jeopardy! game show and all elements thereof, including but not limited to copyright and trademark thereto, are the property of Jeopardy Productions, Inc. and are protected under law. This website is not affiliated with, sponsored by, or operated by Jeopardy Productions, Inc. Join the discussion at JBoard.tv.